[Event "SVK-chB op"]
[Site "Bratislava"]
[Date "2023.07.06"]
[Round "6"]
[White "Sturc, Jan"]
[Black "Andre, Tomas"]
[Result "1-0"]
[WhiteElo "1932"]
[BlackElo "1632"]
[PlyCount "111"]
[EventDate "2023.07.01"]
[EventType "swiss"]
[EventRounds "9"]
[EventCountry "SVK"]
[SourceTitle "CBM 215 Extra"]
[Source "ChessBase"]
[SourceDate "2023.09.30"]
[SourceVersion "1"]
[SourceVersionDate "2023.09.30"]
[SourceQuality "1"]

1. d4 Nf6 2. Nf3 g6 3. c4 Bg7 4. Nc3 0-0 5. e4 d6 6. Be3 Nbd7 7. h3 c5 8. e5 Ne8 9. exd6 exd6 10. dxc5 Qa5 11. cxd6 Nxd6 12. Bd4 Re8+ 13. Be2 Nxc4 14. Bxg7 Kxg7 15. Qd4+ Nce5 16. 0-0 Kg8 17. Rfe1 Qc5 18. Qf4 b6 19. Ne4 Qc7 20. Qh6 Nxf3+ 21. Bxf3 Bb7 22. Rac1 Qe5 23. Ng5 Qxe1+ 24. Rxe1 Rxe1+ 25. Kh2 Nf6 26. Bxb7 Rd8 27. Qh4 Kg7 28. Ne4 Rxe4 29. Bxe4 Rd2 30. Qf4 Rxb2 31. Bd5 Rb5 32. Bb3 Rf5 33. Qc7 Ne4 34. f3 Nc5 35. Qxa7 Nxb3 36. axb3 b5 37. Qd4+ Kg8 38. f4 g5 39. fxg5 h6 40. gxh6 f6 41. Qd7 Rg5 42. Qe7 Rg6 43. Qe8+ Kh7 44. Qxb5 Kxh6 45. b4 f5 46. Qxf5 Rb6 47. g4 Kg7 48. Qc5 Rg6 49. b5 Kh8 50. b6 Rg7 51. b7 Rg8 52. Qe5+ Kh7 53. g5 Rg7 54. b8Q Rxg5 55. Qbh8+ Kg6 56. Qef6# 1-0

[Event "SVK-chT1W 2223"]
[Site "Slovakia"]
[Date "2022.12.03"]
[Round "5.6"]
[White "Sturc, Jan"]
[Black "Vimmer, Michal"]
[Result "1/2-1/2"]
[WhiteElo "1981"]
[BlackElo "1918"]
[PlyCount "30"]
[EventDate "2022.10.15"]
[EventType "team-tourn"]
[EventRounds "11"]
[EventCountry "SVK"]
[SourceTitle "EXT 2024"]
[Source "ChessBase"]
[SourceDate "2023.10.10"]
[SourceVersion "1"]
[SourceVersionDate "2023.10.10"]
[SourceQuality "1"]
[WhiteTeam "Bratislava Slovan II"]
[BlackTeam "Bratislava Slovan III"]
[WhiteTeamCountry "SVK"]
[BlackTeamCountry "SVK"]

1. e4 c6 2. d4 d5 3. Nc3 dxe4 4. Nxe4 Bf5 5. Ng3 Bg6 6. Nf3 Nf6 7. h4 h6 8. h5 Bh7 9. Bd3 Bxd3 10. Qxd3 e6 11. Bf4 Nbd7 12. 0-0-0 a5 13. Rhe1 Be7 14. Nf5 exf5 15. Bd6 Ne4 1/2-1/2

[Event "SVK-ch Seniors 65"]
[Site "Tatranske Matliare"]
[Date "2021.06.25"]
[Round "7"]
[White "Sturc, Jan"]
[Black "Huliak, Pavol"]
[Result "1-0"]
[WhiteElo "1949"]
[BlackElo "1821"]
[PlyCount "77"]
[EventDate "2021.06.20"]
[EventType "swiss"]
[EventRounds "9"]
[EventCountry "SVK"]
[SourceTitle "EXT 2022"]
[Source "ChessBase"]
[SourceDate "2021.10.06"]
[SourceVersion "1"]
[SourceVersionDate "2021.10.06"]
[SourceQuality "1"]

1. e4 c5 2. Nf3 e6 3. d4 cxd4 4. Nxd4 d6 5. Nc3 Be7 6. Bd3 Nf6 7. 0-0 e5 8. Bb5+ Bd7 9. Nf5 0-0 10. Nxd6 Bxb5 11. Ndxb5 Nc6 12. Bg5 a6 13. Bxf6 gxf6 14. Qg4+ Kh8 15. Rfd1 Qc8 16. Qxc8 Raxc8 17. Nd6 Rb8 18. Nf5 b5 19. Nd5 Rb7 20. c3 Bd8 21. a3 Rg8 22. Rd3 Na5 23. Rad1 Nb3 24. Nb4 Bb6 25. Kf1 Nc5 26. Re3 Rd8 27. Rxd8+ Bxd8 28. Nd5 Rd7 29. f3 Na4 30. b3 Nc5 31. b4 Ne6 32. Ke2 Ng7 33. Nxg7 Kxg7 34. Rd3 Kf8 35. Ne3 Ke8 36. Rxd7 Kxd7 37. Kd3 Ke6 38. g4 a5 39. Nd5 1-0

[Event "SVK-ch Seniors 65"]
[Site "Tatranske Matliare"]
[Date "2021.06.23"]
[Round "5"]
[White "Sturc, Jan"]
[Black "Lacha, Jan"]
[Result "1-0"]
[WhiteElo "1949"]
[BlackElo "1806"]
[PlyCount "57"]
[EventDate "2021.06.20"]
[EventType "swiss"]
[EventRounds "9"]
[EventCountry "SVK"]
[SourceTitle "EXT 2022"]
[Source "ChessBase"]
[SourceDate "2021.10.06"]
[SourceVersion "1"]
[SourceVersionDate "2021.10.06"]
[SourceQuality "1"]

1. e4 e6 2. d4 d5 3. Nc3 dxe4 4. Nxe4 Nd7 5. Nf3 Ngf6 6. Bd3 Nxe4 7. Bxe4 Nf6 8. Bd3 c5 9. 0-0 cxd4 10. Nxd4 Bc5 11. Nb3 Bb6 12. Bg5 Bd7 13. Qf3 Bc6 14. Qh3 Qd5 15. Bxf6 gxf6 16. c4 Qg5 17. Rae1 0-0-0 18. Be4 Bxe4 19. Rxe4 f5 20. Re2 Bd4 21. Nxd4 Rxd4 22. Qa3 Rxc4 23. Qxa7 Rg8 24. f4 Qg7 25. Rd1 f6 26. Red2 e5 27. b3 Rc6 28. Rd8+ Kc7 29. Qa5+ 1-0

[Event "SVK-ch 65"]
[Site "Tatranske Matliare"]
[Date "2019.05.31"]
[Round "8"]
[White "Lanc, Alois"]
[Black "Sturc, Jan"]
[Result "1-0"]
[WhiteElo "2281"]
[BlackElo "1964"]
[PlyCount "121"]
[EventDate "2019.05.25"]
[EventType "swiss"]
[EventRounds "9"]
[EventCountry "SVK"]
[SourceTitle "CBM 190 Extra"]
[Source "ChessBase"]
[SourceDate "2019.07.15"]
[SourceVersion "1"]
[SourceVersionDate "2019.07.15"]
[SourceQuality "1"]

1. e4 c5 2. Nf3 Nc6 3. Bb5 e6 4. Bxc6 bxc6 5. 0-0 d5 6. d3 Ne7 7. Nbd2 Ng6 8. Qe1 Bd6 9. Nb3 Ba6 10. e5 Be7 11. Qc3 Qb6 12. Re1 c4 13. dxc4 Bxc4 14. Bd2 Rb8 15. Rab1 Bxb3 16. axb3 0-0 17. Ra1 c5 18. Ra2 Rfc8 19. Qd3 c4 20. bxc4 dxc4 21. Qe4 a6 22. h4 h5 23. g3 Qc6 24. Qe2 Qd5 25. Bc3 Qb7 26. Nd2 Bb4 27. Bxb4 Qxb4 28. c3 Qb5 29. Qxh5 Rd8 30. Nf3 Rd3 31. Nd4 Qb6 32. Qe2 Ne7 33. Kh2 Rd8 34. Ra4 Qc5 35. Rxa6 Nf5 36. Nxf5 exf5 37. Rd6 R3xd6 38. exd6 Rxd6 39. Ra1 g6 40. Ra4 Re6 41. Qd2 Re4 42. Ra8+ Kg7 43. Rd8 Qe5 44. Kg2 Re2 45. Qd4 Qxd4 46. Rxd4 Rxb2 47. Rxc4 Kf6 48. Kf3 Rb6 49. Ke3 Ke5 50. Rb4 Re6 51. Kd3 Ra6 52. Rb2 Rd6+ 53. Ke3 Rc6 54. Rc2 Rc4 55. Kd3 Kd5 56. Ra2 Rc7 57. Ra5+ Ke6 58. Ra6+ Ke5 59. c4 Rd7+ 60. Ke3 Rc7 61. f4# 1-0

[Event "SVK-chT2A 1819"]
[Site "Slovakia"]
[Date "2019.03.02"]
[Round "8.7"]
[White "Sturc, Jan"]
[Black "Slaba, Andrea"]
[Result "1/2-1/2"]
[WhiteElo "1973"]
[BlackElo "1888"]
[PlyCount "102"]
[EventDate "2018.10.13"]
[EventType "team-tourn"]
[EventRounds "11"]
[EventCountry "SVK"]
[SourceTitle "EXT 2020"]
[Source "ChessBase"]
[SourceDate "2019.10.17"]
[SourceVersion "1"]
[SourceVersionDate "2019.10.17"]
[SourceQuality "1"]
[WhiteTeam "Bratislava Slovan IV"]
[BlackTeam "Piestany Kupele"]
[WhiteTeamCountry "SVK"]
[BlackTeamCountry "SVK"]

1. e4 b6 2. d4 Bb7 3. Nc3 e6 4. Bd3 Nf6 5. Nf3 Bb4 6. Qe2 d5 7. exd5 Nxd5 8. Bd2 Nc6 9. 0-0 Bxc3 10. bxc3 Qd6 11. c4 Nde7 12. c3 0-0-0 13. Rab1 Qd7 14. Rfe1 Ng6 15. Be4 Rde8 16. Qd1 f5 17. Bc2 Na5 18. Ba4 Bc6 19. Bxc6 Qxc6 20. c5 Nc4 21. Qb3 Nxd2 22. Nxd2 Nh4 23. f3 g5 24. cxb6 axb6 25. Qc4 Qxc4 26. Nxc4 Ng6 27. a4 Kd7 28. a5 bxa5 29. Nxa5 Ra8 30. Nb7 Rhe8 31. Nc5+ Kd6 32. Nd3 Ra2 33. Rb2 Ra3 34. Rc2 Rb8 35. Ne5 Nxe5 36. Rxe5 Rf8 37. Kf2 Rf6 38. Ke2 h5 39. Kd3 Ra1 40. Ree2 Rf8 41. Re5 Rf6 42. Rce2 g4 43. f4 Rf1 44. g3 h4 45. Kc4 hxg3 46. hxg3 c6 47. Kd3 Rh6 48. R5e3 Rd1+ 49. Kc2 Ra1 50. Kd3 Rd1+ 51. Kc2 Ra1 1/2-1/2

[Event "Tatry op"]
[Site "Tatranske Zruby"]
[Date "2018.09.30"]
[Round "1"]
[White "Ruckschloss, Karol"]
[Black "Sturc, Jan"]
[Result "1-0"]
[WhiteElo "2253"]
[BlackElo "2036"]
[PlyCount "61"]
[EventDate "2018.09.30"]
[EventType "swiss"]
[EventRounds "9"]
[EventCountry "SVK"]
[SourceTitle "CBM 186 Extra"]
[Source "ChessBase"]
[SourceDate "2018.08.24"]
[SourceVersion "1"]
[SourceVersionDate "2018.08.24"]
[SourceQuality "1"]

1. c4 Nf6 2. d4 e6 3. Nf3 d5 4. e3 c6 5. Bd3 dxc4 6. Bxc4 b5 7. Bd3 Bb4+ 8. Bd2 Be7 9. b4 0-0 10. a4 Bb7 11. 0-0 Na6 12. Qb3 Qd5 13. Qb2 Qh5 14. Ne5 Nc7 15. Nc3 a5 16. bxa5 b4 17. Ne4 Ncd5 18. Nc5 Bxc5 19. dxc5 Ba6 20. Rfc1 Rfb8 21. Bc4 Bxc4 22. Rxc4 Qe2 23. Re1 Qh5 24. Nxc6 Rc8 25. Nxb4 Rxa5 26. Nd3 Raa8 27. e4 Qg6 28. Ne5 Qh5 29. exd5 exd5 30. Rb4 Ne4 31. Be3 1-0

[Event "Tatry op"]
[Site "Tatranska Lomnica"]
[Date "2017.10.09"]
[Round "3"]
[White "Skreno, Vladimir"]
[Black "Sturc, Jan"]
[Result "1-0"]
[WhiteElo "2225"]
[BlackElo "1995"]
[PlyCount "95"]
[EventDate "2017.10.08"]
[EventType "swiss"]
[EventRounds "9"]
[EventCountry "SVK"]
[SourceTitle "CBM 181 Extra"]
[Source "ChessBase"]
[SourceDate "2017.12.12"]
[SourceVersion "1"]
[SourceVersionDate "2017.12.12"]
[SourceQuality "1"]

1. d4 d5 2. c4 e6 3. cxd5 exd5 4. Nc3 Nf6 5. Bg5 c6 6. Nf3 Nbd7 7. e3 Bd6 8. Be2 h6 9. Bxf6 Nxf6 10. a3 Bf5 11. Nd2 0-0 12. 0-0 Re8 13. b4 Rc8 14. Re1 Bb8 15. Rc1 a5 16. g3 Bd6 17. Qb3 axb4 18. axb4 Qb6 19. b5 Ne4 20. Ncxe4 Bxe4 21. bxc6 Qxb3 22. Nxb3 bxc6 23. Nc5 Bf5 24. Rc3 Bxc5 25. Rxc5 Bd7 26. Ra1 Ra8 27. Rca5 Rxa5 28. Rxa5 Kf8 29. Ra7 Ke7 30. h4 Kd6 31. Kg2 Rb8 32. h5 Rb2 33. Bd3 Rb8 34. Kf3 Rb3 35. Bh7 Rb8 36. g4 Be8 37. Bd3 Bd7 38. Kf4 Re8 39. f3 Rb8 40. Bf5 Be6 41. Bc2 Bd7 42. e4 dxe4 43. fxe4 Be6 44. e5+ Kd5 45. Ra3 Bd7 46. Be4+ Ke6 47. Ra7 Rb4 48. Bf5+ 1-0

[Event "Tatry op"]
[Site "Tatranska Lomnica"]
[Date "2017.10.08"]
[Round "1"]
[White "Weber, Samuel"]
[Black "Sturc, Jan"]
[Result "1-0"]
[WhiteElo "2202"]
[BlackElo "1995"]
[PlyCount "63"]
[EventDate "2017.10.08"]
[EventType "swiss"]
[EventRounds "9"]
[EventCountry "SVK"]
[SourceTitle "CBM 181 Extra"]
[Source "ChessBase"]
[SourceDate "2017.12.12"]
[SourceVersion "1"]
[SourceVersionDate "2017.12.12"]
[SourceQuality "1"]

1. e4 c5 2. Nf3 Nc6 3. d3 Nf6 4. g3 d6 5. Bg2 g6 6. 0-0 Bg7 7. c3 0-0 8. Re1 Bg4 9. h3 Bd7 10. a3 a5 11. a4 Rb8 12. Na3 Qc8 13. Kh2 Ne8 14. d4 cxd4 15. Nxd4 Nxd4 16. cxd4 Nc7 17. Bg5 Qe8 18. Nc4 b5 19. axb5 Bxb5 20. Nxa5 h6 21. Be3 f5 22. e5 Qf7 23. exd6 exd6 24. Bf4 Rb6 25. Nb7 Qf6 26. Rc1 Rf7 27. Qb3 Kh7 28. Nxd6 Rd7 29. Be5 Qe6 30. Qxe6 Nxe6 31. Nxb5 Rxb5 32. Bxg7 1-0

[Event "SVK-ch Seniors 65"]
[Site "Tatranske Matliare"]
[Date "2017.06.02"]
[Round "8"]
[White "Sturc, Jan"]
[Black "Bidlen, Anton"]
[Result "1/2-1/2"]
[WhiteElo "1995"]
[BlackElo "1848"]
[PlyCount "35"]
[EventDate "2017.05.27"]
[EventType "swiss"]
[EventRounds "9"]
[EventCountry "SVK"]
[SourceTitle "EXT 2023"]
[Source "ChessBase"]
[SourceDate "2022.10.05"]
[SourceVersion "1"]
[SourceVersionDate "2022.10.05"]
[SourceQuality "1"]

1. e4 e5 2. Nf3 Nc6 3. Bb5 f5 4. d3 Bb4+ 5. c3 fxe4 6. dxe4 Bc5 7. Qd5 Qe7 8. b4 Bb6 9. Nbd2 Nf6 10. Qb3 h6 11. 0-0 a6 12. Bc4 g5 13. a4 Nd8 14. Bb2 d6 15. Qc2 Ne6 16. Ba2 Rf8 17. Rae1 Nf4 18. c4 1/2-1/2

[Event "SVK-ch Seniors 65"]
[Site "Tatranske Matliare"]
[Date "2017.06.01"]
[Round "7"]
[White "Munk, Lubomir"]
[Black "Sturc, Jan"]
[Result "0-1"]
[WhiteElo "1836"]
[BlackElo "1995"]
[PlyCount "92"]
[EventDate "2017.05.27"]
[EventType "swiss"]
[EventRounds "9"]
[EventCountry "SVK"]
[SourceTitle "EXT 2023"]
[Source "ChessBase"]
[SourceDate "2022.10.05"]
[SourceVersion "1"]
[SourceVersionDate "2022.10.05"]
[SourceQuality "1"]

1. e4 c5 2. Nc3 Nc6 3. g3 g6 4. Bg2 Bg7 5. Nge2 Nf6 6. 0-0 0-0 7. d3 d6 8. h3 Bd7 9. Be3 b5 10. e5 Nxe5 11. Bxa8 Qxa8 12. f4 Nf3+ 13. Kf2 Bxh3 14. Ng1 Nxg1 15. Rxg1 Ng4+ 16. Ke2 Nxe3 17. Kxe3 Bd4+ 18. Kd2 Bxg1 19. Qxg1 Qg2+ 20. Qxg2 Bxg2 21. Nxb5 Rb8 22. Nxa7 Rb7 23. Rg1 Bd5 24. c4 Rxb2+ 25. Kc3 Rxa2 26. Nc8 Bb7 27. Nxe7+ Kf8 28. Nd5 Bxd5 29. cxd5 Ra4 30. Rb1 Rd4 31. Rb8+ Kg7 32. Rc8 h5 33. Kd2 Rxd5 34. Ke3 Kf6 35. Re8 Rd4 36. Rb8 Kf5 37. Rb3 Kg4 38. Rb7 f6 39. Rf7 Kf5 40. Rh7 Rb4 41. Rd7 Rd4 42. Rh7 Ra4 43. Rd7 Ra3 44. Rxd6 c4 45. Rd5+ Kg4 46. Rd6 Rxd3+ 0-1

[Event "SVK-chT2A 1617"]
[Site "Slovakia"]
[Date "2017.02.11"]
[Round "8.7"]
[White "Sturc, Jan"]
[Black "Lukacovic, Miroslav"]
[Result "1-0"]
[WhiteElo "1974"]
[BlackElo "1968"]
[PlyCount "49"]
[EventDate "2016.10.08"]
[EventType "team-tourn"]
[EventRounds "11"]
[EventCountry "SVK"]
[SourceTitle "EXT 2018"]
[Source "ChessBase"]
[SourceDate "2017.10.13"]
[SourceVersion "1"]
[SourceVersionDate "2017.10.13"]
[SourceQuality "1"]
[WhiteTeam "Bratislava Slovan V"]
[BlackTeam "Sered MSK"]
[WhiteTeamCountry "SVK"]
[BlackTeamCountry "SVK"]

1. e4 b6 2. d4 Bb7 3. Nc3 e6 4. Nf3 Bb4 5. Bd3 Nf6 6. Qe2 d5 7. exd5 Nxd5 8. Bd2 Nxc3 9. bxc3 Be7 10. 0-0 Nd7 11. Rab1 0-0 12. c4 c5 13. c3 Bf6 14. Bf4 Qc8 15. h4 Re8 16. Rfe1 Qc6 17. Qc2 h6 18. Bh7+ Kh8 19. Be4 Qc8 20. Ng5 Bxe4 21. Nxe4 Qc6 22. Rbd1 Bxh4 23. Nd6 Rf8 24. d5 exd5 25. cxd5 1-0

[Event "Liptovsky Mikulas Relax op"]
[Site "Liptovsky Mikulas"]
[Date "2016.11.18"]
[Round "7"]
[White "Nahalka, Jan"]
[Black "Sturc, Jan"]
[Result "0-1"]
[WhiteElo "1779"]
[BlackElo "2011"]
[PlyCount "30"]
[EventDate "2016.11.13"]
[EventType "swiss"]
[EventRounds "7"]
[EventCountry "SVK"]
[SourceTitle "CBM 175 Extra"]
[Source "ChessBase"]
[SourceDate "2016.12.12"]
[SourceVersion "1"]
[SourceVersionDate "2016.12.12"]
[SourceQuality "1"]

1. d4 d5 2. c4 c6 3. Nf3 Nf6 4. Nc3 e6 5. e3 Nbd7 6. Qc2 Bd6 7. Bd3 dxc4 8. Bxc4 b5 9. Bd3 Bb7 10. 0-0 0-0 11. Rd1 Qe7 12. e4 e5 13. Bg5 exd4 14. Nxd4 Bxh2+ 15. Kh1 Be5 0-1

[Event "Liptovsky Mikulas Relax op"]
[Site "Liptovsky Mikulas"]
[Date "2016.11.16"]
[Round "5"]
[White "Ondercin, Martin"]
[Black "Sturc, Jan"]
[Result "0-1"]
[WhiteElo "1940"]
[BlackElo "2011"]
[PlyCount "58"]
[EventDate "2016.11.13"]
[EventType "swiss"]
[EventRounds "7"]
[EventCountry "SVK"]
[SourceTitle "CBM 175 Extra"]
[Source "ChessBase"]
[SourceDate "2016.12.12"]
[SourceVersion "1"]
[SourceVersionDate "2016.12.12"]
[SourceQuality "1"]

1. e4 c5 2. Nc3 Nc6 3. f4 g6 4. Nf3 Bg7 5. Bc4 e6 6. 0-0 Nge7 7. Qe1 0-0 8. d3 a6 9. a4 d5 10. Bb3 Rb8 11. Qh4 b5 12. f5 gxf5 13. Bh6 f6 14. Qg3 Rf7 15. exd5 exd5 16. axb5 axb5 17. Rae1 c4 18. dxc4 bxc4 19. Ba4 Rxb2 20. Bxc6 Qb6+ 21. Kh1 Qxc6 22. Nd4 Qb7 23. Nxf5 Nxf5 24. Re8+ Rf8 25. Rxf8+ Kxf8 26. Bxg7+ Qxg7 27. Qf3 Rxc2 28. Nxd5 Bb7 29. Qa3+ Kf7 0-1

[Event "Tatry op"]
[Site "Tatranske Zruby"]
[Date "2016.09.25"]
[Round "3"]
[White "Sturc, Jan"]
[Black "Kubicka, Anna"]
[Result "1/2-1/2"]
[WhiteElo "2033"]
[BlackElo "2239"]
[PlyCount "99"]
[EventDate "2016.09.24"]
[EventType "swiss"]
[EventRounds "9"]
[EventCountry "SVK"]
[SourceTitle "CBM 174 Extra"]
[Source "ChessBase"]
[SourceDate "2016.10.10"]
[SourceVersion "1"]
[SourceVersionDate "2016.10.10"]
[SourceQuality "1"]

1. e4 c6 2. d4 d5 3. Nc3 dxe4 4. Nxe4 Bf5 5. Ng3 Bg6 6. Nf3 e6 7. h4 h6 8. h5 Bh7 9. Bd3 Bxd3 10. Qxd3 Nf6 11. Bd2 Be7 12. 0-0-0 0-0 13. Qe2 a5 14. Rhe1 Bb4 15. c3 Bd6 16. Ne5 Nbd7 17. f4 c5 18. Nc4 Qc7 19. Nxd6 Qxd6 20. Ne4 Nxe4 21. Qxe4 cxd4 22. Be3 Nf6 23. Qxd4 Qxd4 24. Rxd4 Nxh5 25. g4 Nf6 26. g5 Ng4 27. Rd7 hxg5 28. fxg5 Ne5 29. Rdd1 Rfd8 30. Kc2 Nc4 31. Bd4 e5 32. Bxe5 Rxd1 33. Kxd1 Nxb2+ 34. Kc2 Nc4 35. Bd4 b5 36. Re7 Nd6 37. Rd7 Nf5 38. Rd5 Nxd4+ 39. cxd4 b4 40. Kb3 Kf8 41. Ka4 Ke7 42. Rxa5 Rb8 43. Ra7+ Ke6 44. d5+ Kxd5 45. Rxf7 Ra8+ 46. Kxb4 Rxa2 47. Rxg7 Rg2 48. Ra7 Ke6 49. g6 Rxg6 50. Ra6+ 1/2-1/2

[Event "Tatry op"]
[Site "Tatranske Zruby"]
[Date "2016.09.24"]
[Round "1"]
[White "Sturc, Jan"]
[Black "Malik, Jan"]
[Result "0-1"]
[WhiteElo "2033"]
[BlackElo "2251"]
[PlyCount "88"]
[EventDate "2016.09.24"]
[EventType "swiss"]
[EventRounds "9"]
[EventCountry "SVK"]
[SourceTitle "CBM 174 Extra"]
[Source "ChessBase"]
[SourceDate "2016.10.10"]
[SourceVersion "1"]
[SourceVersionDate "2016.10.10"]
[SourceQuality "1"]

1. e4 c5 2. Nf3 d6 3. c3 Nf6 4. Be2 Nbd7 5. d3 e6 6. 0-0 b6 7. Bf4 Bb7 8. Re1 Be7 9. Nbd2 0-0 10. Nf1 c4 11. e5 Nh5 12. exd6 Nxf4 13. dxe7 Qxe7 14. dxc4 Rfd8 15. Qd4 Nxe2+ 16. Rxe2 Bxf3 17. gxf3 Nc5 18. Qg4 Nd3 19. Ng3 g6 20. Qe4 Qg5 21. Qg4 Qh6 22. h4 f5 23. Qg5 Qxg5 24. hxg5 Nf4 25. Rc2 Rac8 26. Re1 Rxc4 27. b3 Rc6 28. Kh2 Rd3 29. Re3 Rd1 30. Ne2 Nd5 31. Re5 Rd3 32. Kg3 Kf7 33. c4 Nb4 34. Rb2 Rcd6 35. a3 Nc6 36. Re3 e5 37. f4 Rxe3+ 38. fxe3 Rd3 39. Kf2 Na5 40. fxe5 Nxb3 41. Kf3 Nd2+ 42. Kf4 Nxc4 43. Rc2 Nxe3 44. Rc7+ Ke8 0-1

[Event "SVK-chT1W 1516"]
[Site "Slovakia"]
[Date "2016.02.21"]
[Round "9.7"]
[White "Kosar, Mikulas"]
[Black "Sturc, Jan"]
[Result "1-0"]
[WhiteElo "1823"]
[BlackElo "2044"]
[PlyCount "61"]
[EventDate "2015.10.24"]
[EventType "team-tourn"]
[EventRounds "11"]
[EventCountry "SVK"]
[SourceTitle "EXT 2017"]
[Source "ChessBase"]
[SourceDate "2016.10.25"]
[SourceVersion "1"]
[SourceVersionDate "2016.10.25"]
[SourceQuality "1"]
[WhiteTeam "Gabcikovo"]
[BlackTeam "Bratislava Slovan II"]
[WhiteTeamCountry "SVK"]
[BlackTeamCountry "SVK"]

1. d4 d5 2. Nf3 Nf6 3. Bf4 c6 4. e3 Bf5 5. Be2 Nbd7 6. Nbd2 h6 7. Ne5 Nxe5 8. Bxe5 Nd7 9. Bf4 g5 10. Bg3 Bg7 11. h4 Qb6 12. Nb3 a5 13. a4 Rd8 14. hxg5 hxg5 15. Rxh8+ Bxh8 16. Bd3 Bxd3 17. Qxd3 Qb4+ 18. Nd2 e5 19. Qh7 Ke7 20. Qf5 exd4 21. exd4 Qxd4 22. Qxg5+ Bf6 23. Qf5 Rh8 24. c3 Qb6 25. 0-0-0 Kd8 26. Nc4 Qc5 27. Nd6 Ke7 28. Re1+ Kf8 29. Qxd7 Rh7 30. Re8+ Kg7 31. Qxf7+ 1-0

[Event "SVK-chT1W 1516"]
[Site "Slovakia"]
[Date "2016.02.20"]
[Round "8.7"]
[White "Sturc, Jan"]
[Black "Reisel, Frantisek"]
[Result "1-0"]
[WhiteElo "2044"]
[BlackElo "2060"]
[PlyCount "79"]
[EventDate "2015.10.24"]
[EventType "team-tourn"]
[EventRounds "11"]
[EventCountry "SVK"]
[SourceTitle "EXT 2017"]
[Source "ChessBase"]
[SourceDate "2016.10.25"]
[SourceVersion "1"]
[SourceVersionDate "2016.10.25"]
[SourceQuality "1"]
[WhiteTeam "Bratislava Slovan II"]
[BlackTeam "Prievidza"]
[WhiteTeamCountry "SVK"]
[BlackTeamCountry "SVK"]

1. e4 d6 2. d4 Nf6 3. Nc3 c6 4. Nf3 Qc7 5. Bf4 Bg4 6. e5 Nh5 7. exd6 exd6 8. Be3 d5 9. h3 Bxf3 10. Qxf3 Nf6 11. 0-0-0 Bd6 12. Bg5 Nbd7 13. Re1+ Kf8 14. Kb1 b5 15. Bd3 h6 16. Bc1 Nb6 17. g4 a5 18. h4 h5 19. g5 Ng4 20. Bf5 b4 21. Ne2 Nc4 22. Nf4 Kg8 23. g6 Rh6 24. Nxh5 Rxh5 25. gxf7+ Kf8 26. Re8+ Rxe8 27. fxe8Q+ Kxe8 28. Bg6+ Kd8 29. Bxh5 Nf6 30. Bg6 c5 31. Bg5 Kc8 32. Qf5+ Kb8 33. Bxf6 gxf6 34. Qxd5 cxd4 35. Re1 Be5 36. Bd3 Nd6 37. Rg1 Ka7 38. Rg8 Nb7 39. h5 Nc5 40. h6 1-0

[Event "SVK-chT2A 1516"]
[Site "Slovakia"]
[Date "2016.02.14"]
[Round "9.7"]
[White "Helbich, Branislav"]
[Black "Sturc, Jan"]
[Result "0-1"]
[WhiteElo "1978"]
[BlackElo "2047"]
[PlyCount "122"]
[EventDate "2015.10.17"]
[EventType "team-tourn"]
[EventRounds "11"]
[EventCountry "SVK"]
[SourceTitle "EXT 2017"]
[Source "ChessBase"]
[SourceDate "2016.10.25"]
[SourceVersion "1"]
[SourceVersionDate "2016.10.25"]
[SourceQuality "1"]
[WhiteTeam "Bratislava Doprastav II"]
[BlackTeam "Bratislava DP"]
[WhiteTeamCountry "SVK"]
[BlackTeamCountry "SVK"]

1. e4 e5 2. Nf3 Nc6 3. Bb5 f5 4. d3 d6 5. Nc3 Nf6 6. a3 Be6 7. Ng5 Bg8 8. exf5 Qd7 9. Qf3 d5 10. 0-0 0-0-0 11. Qh3 Re8 12. b4 Bd6 13. Bb2 h6 14. Nf3 g6 15. fxg6 Be6 16. Qh4 Qg7 17. Bxc6 bxc6 18. b5 Bg4 19. bxc6 Qxg6 20. Ne1 d4 21. Ne4 Nxe4 22. dxe4 Be2 23. Qh3+ Qe6 24. Qxe6+ Rxe6 25. Nd3 Bxf1 26. Kxf1 Be7 27. c3 Rxc6 28. Nxe5 Rb6 29. Nc4 Rc6 30. Ne5 Rb6 31. Nc4 Re6 32. f3 dxc3 33. Bxc3 Rd8 34. Be1 Rc6 35. Ne3 Rd3 36. Nd5 Bxa3 37. Nb4 Bxb4 38. Bxb4 Rb3 39. Bd2 Rb2 40. Bf4 Rcc2 41. Be3 a5 42. Bxh6 Rf2+ 43. Ke1 Rxg2 44. Kf1 Rxh2 45. Be3 Rhe2 46. Bd4 Ra2 47. f4 Red2 48. Ke1 Rh2 49. Rxa2 Rxa2 50. e5 Ra4 51. Be3 Re4 52. Kf2 a4 53. Bc1 Rc4 54. Ba3 Rxf4+ 55. Ke3 Rh4 56. Be7 a3 57. Bxh4 a2 58. e6 a1Q 59. e7 Kd7 60. Kf3 Qd4 61. Bg5 c5 0-1

[Event "SVK-chT2A 1516"]
[Site "Slovakia"]
[Date "2016.02.13"]
[Round "8.6"]
[White "Vegh, Vince"]
[Black "Sturc, Jan"]
[Result "1-0"]
[WhiteElo "1955"]
[BlackElo "2047"]
[PlyCount "93"]
[EventDate "2015.10.17"]
[EventType "team-tourn"]
[EventRounds "11"]
[EventCountry "SVK"]
[SourceTitle "EXT 2017"]
[Source "ChessBase"]
[SourceDate "2016.10.25"]
[SourceVersion "1"]
[SourceVersionDate "2016.10.25"]
[SourceQuality "1"]
[WhiteTeam "Velky Meder"]
[BlackTeam "Bratislava DP"]
[WhiteTeamCountry "SVK"]
[BlackTeamCountry "SVK"]

1. e4 c5 2. Nf3 Nc6 3. d4 cxd4 4. Nxd4 Nf6 5. Nc3 e5 6. Ndb5 d6 7. Bg5 a6 8. Na3 b5 9. Nd5 Be7 10. Bxf6 Bxf6 11. c3 Bg5 12. Nc2 f5 13. f3 0-0 14. a4 fxe4 15. fxe4 Rb8 16. axb5 axb5 17. Be2 Bh6 18. g3 Kh8 19. Rf1 Bd7 20. Qd3 Qg5 21. Nce3 Rxf1+ 22. Nxf1 b4 23. Nxb4 Nxb4 24. cxb4 Qf6 25. Ra6 Be6 26. Qxd6 Rf8 27. Qc5 Rc8 28. Qxc8+ Bxc8 29. Rxf6 gxf6 30. Kd1 Bf8 31. b5 Bc5 32. Kc2 f5 33. Bd3 f4 34. gxf4 exf4 35. Kc3 Be6 36. b3 Bg1 37. Be2 Kg7 38. Nd2 Bxh2 39. Nf3 Bg3 40. Kb4 Kf6 41. Kc5 Ke7 42. b6 Kd8 43. Kd6 Bc8 44. Bb5 Bb7 45. Bc6 Kc8 46. e5 Bf2 47. Bxb7+ 1-0